Missing Word: GameCube Games (A-Z) Quiz Stats

 Plays Quiz Updated Oct 26, 2017

Challenge
Share
Tweet
Embed
Score 0/26 Timer 03:00
1 Play Today
Hint Missing Word % Correct
Mario _____: Double DashKart
88.3%
_____ Neutron: Boy GeniusJimmy
88.1%
_____ KongaDonkey
79.5%
Harry Potter: _____ World CupQuidditch
77.1%
Paper Mario: The Thousand _____ DoorYear
73.4%
Luigi's _____Mansion
68.9%
Star _____: AssaultFox
64.5%
Mega Man _____ CollectionX
63.4%
Animal _____Crossing
62.2%
The Legend of Zelda: Twilight _____Princess
58.5%
_____ Darkness: Sanity's RequiemEternal
49.9%
Shadow the _____Hedgehog
48.9%
Resident Evil _____Zero
46.8%
Hint Missing Word % Correct
Kirby _____ RideAir
43.7%
Billy Hatcher and the _____ EggGiant
40.7%
Need for Speed: _____Underground
36.5%
The _____: Road RageSimpsons
34.3%
Star Wars Rogue Squadron II: Rogue _____Leader
34.2%
_____ JoeViewtiful
32.9%
Mario Golf: _____ TourToadstool
31.1%
Sonic Adventure 2: _____Battle
30.3%
Phantasy Star _____ Episode I & IIOnline
28.1%
The _____: Rise of the UnderminerIncredibles
27.8%
Fire Emblem: Path of _____Radiance
25.9%
Marvel _____: Rise of the ImperfectsNemesis
16.2%
Legends of _____Wrestling
14%

Today's Daily Dose

You're not logged in!

Compare scores with friends on all Sporcle quizzes.
OR
Log In

You Might Also Like...

Show Comments

Extras

Top Quizzes Today


Score Distribution

Your Account Isn't Verified!

In order to create a playlist on Sporcle, you need to verify the email address you used during registration. Go to your Sporcle Settings to finish the process.

Report this User

Report this user for behavior that violates our Community Guidelines.

Details: